000 02104nam a2200397Ia 4500
003 CO-MqBPB
005 20221019083929.0
007 ta
008 210831s20132018sp jr 000 jdspa d
020 _a9788417782061
040 _aCO-MqBPB
_bspa
_erda
_cCO-MqBPB
082 _aAC
_bDICc1
084 _aC DIC1
100 1 _aDickens, Charles
_d1812-1870
_eautor
_910934
110 _4James, Henry
111 _4Scott, Walter
245 1 0 _aCuentos de fantasmas
_cCharles Dickens ; Henry James , Waltwr Scott
250 _bPrimera edición
264 1 _aMadrid , España :
_bMestas Ediciones
_c2019
300 _a159 páginas
_c19 cm
336 _atexto
_btxt
_2rdacontent
337 _asin mediación
_bn
_2rdamedia
338 _avolumen
_bnc
_2rdacarrier
490 _aEdición Bilingúe
520 _aUn fantasma, un espectro o un espíritu es un símbolo inequívoco de todo aquello de cuya existencia se duda, y aunque un hombre es capaz de dudar de muchas cosas, nos encontramos ante una cuestión que nos desasosiega, nos inquieta y nos intriga, pues tiene mucho que ver con la vida en el más allá y con seres de ultratumba capaces de pervivir después de la muerte. Todo ello produce en el ser humano un residuo de temor ancestral que no es fácil ocultar, un cierto gusto por el sufrimiento y el horror que finalmente crea una adicción, a veces inconfesable, en el lector, que descubre cómo una situación que parece de lo más trivial termina desembocando en trances de auténtico terror y perturbación desequilibrante. ―Incluye un vocabulario imprescindible para facilitar la lectura y el aprendizaje del idioma.
534 _tTo be read at dusk
545 _aIncluye datos biográficos del autor en la solapa
650 1 7 _aCuentos ingleses
_ySiglo XIX
_2LEMB
_912339
650 1 7 _aLiteratura inglesa
_ySiglo XIX
_2LEMB
_97702
650 1 7 _aFantasmas
_vCuentos
_2LEMB
_923542
650 1 7 _aMiedo
_vCuentos
_2LEMB
_9186485
650 1 7 _aSuspenso
_vCuentos
_2LEMB
_9105029
650 1 7 _aNiños
_vCuentos
_2LEMB
_9186486
650 1 7 _aMarinos
_vCuentos
_2LEMB
_923699
942 _cBKLIT
999 _c14504
_d14504